[Event "Frankfurt-chA"]
[Site "Frankfurt"]
[Date "2012.05.08"]
[Round "2"]
[White "Willenbring, Jens Dirk"]
[Black "Graebner, Walter"]
[Result "0-1"]
[WhiteElo "1522"]
[BlackElo "1935"]
[PlyCount "31"]
[EventDate "2012.04.30"]
[EventType "swiss"]
[EventRounds "7"]
[EventCountry "GER"]
[SourceTitle "EXT 2013"]
[Source "ChessBase"]
[SourceDate "2012.11.22"]
[SourceVersion "1"]
[SourceVersionDate "2012.11.22"]
[SourceQuality "1"]

1. d4 Nf6 2. c4 c5 3. e3 g6 4. Nf3 Bg7 5. Nc3 0-0 6. Bd3 d5 7. 0-0 Nc6 8. dxc5 dxc4 9. Bxc4 Qa5 10. Qc2 Qxc5 11. Be2 Bf5 12. Qb3 Rfd8 13. Qb5 Qxb5 14. Nxb5 Bd3 15. Nbd4 Nxd4 16. Nxd4 0-1

[Event "Frankfurt-ch"]
[Site "Frankfurt"]
[Date "2010.06.14"]
[Round "7"]
[White "Genis, Roy"]
[Black "Graebner, Walter"]
[Result "0-1"]
[WhiteElo "1947"]
[BlackElo "2053"]
[PlyCount "120"]
[EventDate "2010.04.26"]
[EventType "swiss"]
[EventRounds "7"]
[EventCountry "GER"]
[SourceTitle "EXT 2011"]
[Source "ChessBase"]
[SourceDate "2010.11.26"]
[SourceVersion "1"]
[SourceVersionDate "2010.11.26"]
[SourceQuality "1"]

1. e4 c6 2. d4 d5 3. e5 Bf5 4. Nf3 e6 5. Be2 c5 6. 0-0 Nc6 7. c3 Qb6 8. dxc5 Bxc5 9. b4 Be7 10. Be3 Qc7 11. Qa4 Kf8 12. Bf4 g5 13. Nxg5 Nxe5 14. Kh1 Bd6 15. Na3 Nc4 16. Bxd6+ Nxd6 17. Rac1 f6 18. Nf3 e5 19. Nd2 Ne7 20. c4 d4 21. c5 Ne4 22. Nxe4 Bxe4 23. f3 Bd5 24. Bc4 Rg8 25. Qb3 Qd7 26. Nb5 Qxb5 27. Bxd5 Nxd5 28. Qxd5 Qc6 29. Qxc6 bxc6 30. a4 Rb8 31. Rb1 a6 32. Rb3 Ke7 33. Kg1 Ke6 34. Kf2 Kd5 35. Rc1 f5 36. g3 Rg7 37. Rb2 Rgb7 38. Rcb1 e4 39. a5 h5 40. Ke2 Rg8 41. Rf1 h4 42. fxe4+ fxe4 43. Rf5+ Kc4 44. Rf1 hxg3 45. hxg3 Rxg3 46. Rc2+ Kb3 47. Rd2 d3+ 48. Kf2 Rf7+ 49. Kxg3 Rxf1 50. b5 cxb5 51. c6 Rf7 52. Rf2 Rc7 53. Kf4 Rxc6 54. Kxe4 Kc3 55. Kd5 Rh6 56. Ke4 d2 57. Rf3+ Kc2 58. Rf2 Kc1 59. Rf1+ d1Q 60. Rxd1+ Kxd1 0-1

[Event "Frankfurt-ch"]
[Site "Frankfurt"]
[Date "2010.06.07"]
[Round "6"]
[White "Graebner, Walter"]
[Black "Biegel, Thomas"]
[Result "1/2-1/2"]
[WhiteElo "2053"]
[BlackElo "2021"]
[PlyCount "55"]
[EventDate "2010.04.26"]
[EventType "swiss"]
[EventRounds "7"]
[EventCountry "GER"]
[SourceTitle "EXT 2011"]
[Source "ChessBase"]
[SourceDate "2010.11.26"]
[SourceVersion "1"]
[SourceVersionDate "2010.11.26"]
[SourceQuality "1"]

1. d4 d5 2. c4 c6 3. Nf3 Nf6 4. Nc3 dxc4 5. a4 Bf5 6. Ne5 Nbd7 7. Nxc4 Qc7 8. g3 e5 9. dxe5 Nxe5 10. Bf4 Nfd7 11. Nxe5 Nxe5 12. Qd4 f6 13. Bg2 Be7 14. Bxe5 Qxe5 15. Qxe5 fxe5 16. 0-0 0-0 17. Be4 Bh3 18. Rfd1 Bc5 19. e3 Bg4 20. Rdc1 Rad8 21. Rc2 Be6 22. a5 Bb3 23. Re2 Bc4 24. Rc2 Bb3 25. Re2 Bb4 26. Bg2 Bc4 27. Rc2 Bb3 28. Re2 1/2-1/2

[Event "Frankfurt-ch"]
[Site "Frankfurt"]
[Date "2009.05.11"]
[Round "3"]
[White "Zuyev, Igor"]
[Black "Graebner, Walter"]
[Result "1-0"]
[WhiteElo "2308"]
[BlackElo "2053"]
[PlyCount "95"]
[EventDate "2009.04.27"]
[EventType "tourn"]
[EventRounds "7"]
[EventCountry "GER"]
[SourceTitle "EXT 2010"]
[Source "ChessBase"]
[SourceDate "2010.11.25"]
[SourceVersion "1"]
[SourceVersionDate "2010.11.25"]
[SourceQuality "1"]

1. e4 c6 2. d4 d5 3. exd5 cxd5 4. Bd3 Nc6 5. c3 Qc7 6. Ne2 e6 7. Bf4 Bd6 8. Qd2 Nf6 9. Na3 a6 10. Bxd6 Qxd6 11. f4 b5 12. 0-0 0-0 13. Rae1 Na5 14. Qe3 Ng4 15. Qg3 f5 16. Nc2 Nf6 17. b3 Bb7 18. Ne3 Ne4 19. Bxe4 dxe4 20. Ra1 Rac8 21. Qg5 Qd8 22. Rad1 Bd5 23. Rc1 Rc7 24. Qh5 Qe7 25. Qh3 Qa3 26. Rfe1 Qxa2 27. Ra1 Qd2 28. Nf1 Qb2 29. Rxa5 Bxb3 30. Rxa6 b4 31. Rb6 bxc3 32. Qe3 Rfc8 33. d5 exd5 34. Nc1 Qa3 35. Nxb3 c2 36. Qd4 c1Q 37. Rxc1 Rxc1 38. Qxd5+ Kh8 39. Nxc1 Qxc1 40. Qxf5 Qc4 41. Rb4 Qc3 42. Rxe4 h6 43. Re7 Qd4+ 44. Ne3 Rc1+ 45. Kf2 Rc3 46. Qe5 Qd2+ 47. Kg3 Qe1+ 48. Kh3 1-0

[Event "Frankfurt-ch"]
[Site "Frankfurt"]
[Date "2008.05.05"]
[Round "2"]
[White "Solonar, Stefan"]
[Black "Graebner, Walter"]
[Result "1-0"]
[WhiteElo "2363"]
[BlackElo "2053"]
[PlyCount "57"]
[EventDate "2008.04.28"]
[EventType "swiss"]
[EventRounds "7"]
[EventCountry "GER"]
[SourceTitle "EXT 2009"]
[Source "ChessBase"]
[SourceDate "2008.11.26"]
[SourceVersion "1"]
[SourceVersionDate "2008.11.26"]
[SourceQuality "1"]

1. c4 c6 2. e4 d5 3. exd5 cxd5 4. d4 Nf6 5. Nc3 Nc6 6. Bg5 e6 7. Nf3 Be7 8. c5 0-0 9. Bb5 Bd7 10. 0-0 Qc7 11. Re1 b6 12. Rc1 Rfc8 13. Ba6 Rcb8 14. Nb5 Qd8 15. Bf4 Nb4 16. Bxb8 Nxa6 17. c6 Rxb8 18. cxd7 Qxd7 19. Qa4 Qb7 20. Ne5 Bf8 21. Rc2 Ne8 22. Nc6 Rc8 23. Ncxa7 Ra8 24. Rec1 Nb4 25. Rc8 Rxc8 26. Rxc8 Qd7 27. a3 Nd6 28. Rxf8+ Kxf8 29. Qxb4 1-0

[Event "Frankfurt-ch"]
[Site "Frankfurt"]
[Date "2007.06.18"]
[Round "7"]
[White "Genis, Roy"]
[Black "Graebner, Walter"]
[Result "0-1"]
[WhiteElo "1895"]
[BlackElo "2049"]
[PlyCount "136"]
[EventDate "2007.04.30"]
[EventType "swiss"]
[EventRounds "7"]
[EventCountry "GER"]
[SourceTitle "EXT 2008"]
[Source "ChessBase"]
[SourceDate "2007.11.25"]
[SourceVersion "1"]
[SourceVersionDate "2007.11.25"]
[SourceQuality "1"]

1. e4 c6 2. d4 d5 3. e5 c5 4. dxc5 e6 5. Be3 Ne7 6. c3 Nd7 7. Bb5 Nc6 8. Nf3 Qc7 9. Bd4 Nxc5 10. Bxc5 Bxc5 11. 0-0 Bd7 12. Qe2 0-0 13. Nbd2 Rac8 14. Nb3 Be7 15. Nbd4 Rfe8 16. Rfe1 f6 17. h3 f5 18. Qd2 Nxd4 19. Nxd4 Bxb5 20. Nxb5 Qd7 21. Nd4 b5 22. Rac1 a6 23. a3 Rc7 24. Rc2 Rec8 25. Rec1 Kh8 26. Kh1 g5 27. h4 Rg8 28. hxg5 Rxg5 29. f4 Rg4 30. g3 Rc8 31. Qe3 Rcg8 32. Rg1 R8g6 33. Rh2 Bc5 34. Rh3 Rg7 35. Rh4 Qa7 36. Rxg4 Rxg4 37. Rg2 Rg7 38. Rd2 Kg8 39. Qd3 Bxd4 40. cxd4 Rc7 41. Kg2 Rc6 42. Rc2 Rc4 43. Rxc4 bxc4 44. Qc3 Qb6 45. Kh3 Kg7 46. g4 fxg4+ 47. Kxg4 Kg6 48. Qc2+ Kg7 49. f5 Qxd4+ 50. Kh3 Qe3+ 51. Kg4 Qxe5 52. Qa4 exf5+ 53. Kf3 Qe4+ 54. Kf2 Qe6 55. Qb4 d4 56. Qb7+ Kf6 57. Qxh7 d3 58. Qh8+ Ke7 59. Qg7+ Kd6 60. Qd4+ Kc6 61. Qa7 Qe2+ 62. Kg3 d2 63. Qxa6+ Kd5 64. Qb5+ Ke4 65. Qb7+ Kd3 66. Qd5+ Kc2 67. Qa5 d1Q 68. Qc3+ Kb1 0-1

[Event "Frankfurt-ch"]
[Site "Frankfurt"]
[Date "2007.05.07"]
[Round "2"]
[White "Graebner, Walter"]
[Black "Stricker, Konstantin"]
[Result "1-0"]
[WhiteElo "2049"]
[BlackElo "1688"]
[PlyCount "81"]
[EventDate "2007.04.30"]
[EventType "swiss"]
[EventRounds "7"]
[EventCountry "GER"]
[SourceTitle "EXT 2008"]
[Source "ChessBase"]
[SourceDate "2007.11.25"]
[SourceVersion "1"]
[SourceVersionDate "2007.11.25"]
[SourceQuality "1"]

1. d4 Nf6 2. Nf3 d5 3. c4 e6 4. Nc3 Be7 5. Bg5 0-0 6. e3 b6 7. cxd5 Nxd5 8. Bxe7 Nxe7 9. Qc2 Bb7 10. Be2 h6 11. 0-0 Nd7 12. Rfd1 c6 13. Rac1 Rc8 14. b4 b5 15. Ne4 Nd5 16. Nd6 Rc7 17. a3 Ba8 18. e4 N7b6 19. e5 Nc8 20. Nxc8 Qxc8 21. Nd2 a6 22. Ne4 Qd8 23. Bf3 Nb6 24. Nd6 f5 25. Rd3 Qd7 26. Qd2 Nc8 27. Nxc8 Rfxc8 28. h4 Rd8 29. h5 Qe7 30. Qc3 Qg5 31. Qc5 Bb7 32. Rc2 Bc8 33. d5 exd5 34. Rxd5 Rxd5 35. Bxd5+ Kh7 36. Qf8 Qxh5 37. Bg8+ Kg6 38. Rxc6+ Kg5 39. Qd8+ Kf4 40. Qd4+ Kg5 41. Rxc7 1-0